| Registos Bibliográficos associados ao registo de autoridade |
|
Etiqueta de registo: 00254nam 2200025 450 001 2287018 003 http://id.bnportugal.gov.pt/bib/catbnp/2287018 010 ## $a9789897905605 021 ## $aPT$b562599/26 100 ## $a20260527d2026 c y0pory01030103ba 101 0# $apor 102 ## $aPT 105 ## $aa z 000yy 106 ## $ar 200 1# $aMãe, não apagues a luz$etruz truz$fLiliana Cunha$gil. André Carriel 205 ## $a1ª ed 210 #9 $aCarnaxide$cMeia Longa,$d2026 215 ## $a29, [7] p.$cil.$d22 cm 700 #1 $95$aCunha,$bLiliana$31999465 701 #1 $aCarriel,$bAndré$4440$31968349 801 #0 $aPT$bBN$gRPC 966 ## $lBN$mFGMON$x1 971 ## $cisantos$d20260527
|
|
|